1243 1632 1406 1721 1062 1794 1693 1627 1098 1435 1575 1318 1767 1646 1022 1103 1122 1233 1322 1295 1864 1260 1225 1835 1673 1865 1766 1481 1848 1668 1855 1135 1507 1506 1322 1214 1889 1744 1360 1438 1847 1281 1486 1145 1890 1203 1584 1721 1707 1921 1027 1215 1609 1030 1537 1002 1771 1997 1046 1590 1955 1680 1132 1630 1627 1869 1686 1570 1043 1264 1068 1965 1551 1096 1103 1533 1481 1597 1613 1452 1779 1895 1404 1759 1065 1028 1289 1975 1954 1436 1759 1115 1181 1852 1940 1035 1625 1181 1395 BCNSPRNW ULIB Ver.6.0+V

เปลี่ยนเป็นภาษาไทย

Change to English
 แสดงรายละเอียดบรรณานุกรม
  กลับหน้าหลัก

Brief Record : Get Marc (ISO 2709) : E-mail record : QR code < ปิดหน้าต่าง
LEADER : 00000nam 2200000uu 4500
001    13399122454
003     ULIB
008    020711s2553 th a 000 0 tha d
020    9786169058397
090    นว.^bช271ห
100    ชลการณ์
110    บีไมน์
245    หมากรักเกมใจ ไฟริษยา /^bชลการณ์
250    พิมพ์ครั้งที่ 1
260    กรุงเทพฯ :^bบีไมน์,^c2553
300    264 หน้า
945    ^p175^l0^i19950
999    ^aทศพร เกษรทอง
รายการนี้ยังไม่มีแท็ก
คุณยังไม่ได้ล็อกอิน คุณสามารถมีกิจกรรมร่วมกับเว็บไซต์ได้ แต่ต้องล็อกอินก่อน ::
  ล็อกอิน

รายการสื่อสารสนเทศ

ลำดับที่ ประเภท เลขเรียก/บาร์โค้ด สถานที่ สถานะ
1. นวนิยาย
นวนิยาย
นว. ช271ห  
  Barcode: 19950
ห้องสมุดวิทยาเขตสวรรค์ประชารักษ์
►นวนิยาย
บนชั้น
  ขอยืม

BibComment


ยังไม่เคยถูกคอมเมนท์

คอมเมนท์ทรัพยากรรายการนี้
  คอมเมนท์: หมากรักเกมใจ ไฟริ..


 Copyright 2026. Bcnsprnw @Library